| 000 | 00943nam a22002657a 4500 | ||
|---|---|---|---|
| 001 | BRCA_9411 | ||
| 003 | FranzMayer | ||
| 005 | 20230918125723.0 | ||
| 008 | 230904b |||||||| |||| 00| 0 eng d | ||
| 020 | _a3201014265 | ||
| 040 |
_aMFM _bESPAÑOL _cMFM |
||
| 050 | 0 |
_aF121954.M59 _bJ36 1988 |
|
| 100 | 1 |
_4Autor _aJansen, Maarten _929612 |
|
| 240 |
_aSchrift und Buch im Alten Mexiko _lAlemán |
||
| 245 | 0 | _aSchrift und Buch im Alten Mexiko | |
| 260 |
_aAustria _bAdeva _c1988 |
||
| 300 |
_a231 p _bIlustraciones _c29 cm |
||
| 500 | _aAnexo 1 | ||
| 500 | _aEl libro se encuentra en pasta dura, con una sobrecubierta externa | ||
| 505 | _aTexto en: alemánIncluye índice temáticoIncluye bibliografíaDirigido a: historiadores, antropólogos | ||
| 650 | 1 |
_2Latino America _aMéxico _vCodices _929613 |
|
| 651 | 2 |
_2México prehispánico _aLibros antiguos _929614 |
|
| 700 | 1 |
_4Autor _aAnders, Ferdinard _929615 |
|
| 942 |
_2lcc _cB |
||
| 999 |
_c11033 _d11033 |
||